Fr. Conceicao Rodrigues College of Engineering

Process Plant simulation (Record no. 19449)

MARC details
000 -LEADER
fixed length control field 00305nam a2200145Ia 4500
082 ## - DEWEY DECIMAL CLASSIFICATION NUMBER
Classification number 660
Item number BAB
100 ## - MAIN ENTRY--PERSONAL NAME
Personal name Babu/B.V
245 ## - TITLE STATEMENT
Title Process Plant simulation
260 ## - PUBLICATION, DISTRIBUTION, ETC.
Name of publisher, distributor, etc. Oxford university press
Date of publication, distribution, etc. 2004
366 ## - TRADE AVAILABILITY INFORMATION
Publishers's discount category 20
300 ## - PHYSICAL DESCRIPTION
Extent 542
546 ## - LANGUAGE NOTE
Language note ENGLISH
-- Info.Tech
942 ## - ADDED ENTRY ELEMENTS (KOHA)
Koha item type BOOK
Holdings
Withdrawn status Lost status Damaged status Not for loan Collection Home library Current library Date acquired Source of acquisition Cost, normal purchase price Inventory number Total Checkouts Full call number Barcode Date last seen Cost, replacement price Price effective from Koha item type
        CRC Fr. Agnel's C.Rodrigues College of Engineering Fr. Agnel's C.Rodrigues College of Engineering 17/03/2023 Book Base 328.00 10811 dt 26/04/2011   660 BAB 21626 17/03/2023 410.00   BOOK